[Event "AUTO-ADV-3879"]
[Site "http://www.queenalice.com/game.php?id=1489604"]
[Date "2017.8.10"]
[Round "1"]
[White "miguel7"]
[Black "spkveidt"]
[Result "1-0"]
[WhiteElo "1783"]
[BlackElo "1609"]

1. e4 c5 2. d4 Qa5+ 3. Nc3 e6 4. Bd2 Be7 5. Nd5 Qd8 6. Nxe7 Nxe7 7. dxc5 O-O 8.
Bb4 Nbc6 9. a3 a5 10. Bc3 Qc7 11. g3 b6 12. Qg4 e5 13. f4 d5 14. Bxe5 Nxe5 15.
Qd1 Nc4 16. Bxc4 dxc4 17. Qd4 b5 18. Ne2 Rd8 19. Qe3 Bg4 20. f5 Rd7 21. Nf4 Re8
22. O-O Nxf5 23. Qf2 1-0

[Event "AUTO-ADV-3879"]
[Site "http://www.queenalice.com/game.php?id=1489605"]
[Date "2017.8.10"]
[Round "1"]
[White "spkveidt"]
[Black "miguel7"]
[Result "1-0"]
[WhiteElo "1725"]
[BlackElo "1829"]

1. e4 c5 2. Nf3 Nc6 3. Bc4 e5 4. O-O Nf6 5. Re1 Nd4 6. c3 Nxf3+ 7. Qxf3 Be7 8.
Qg3 d6 9. Qxg7 Rf8 10. d3 d5 11. exd5 Nxd5 12. Rxe5 Be6 13. Bb5+ 1-0

[Event "AUTO-ADV-3879"]
[Site "http://www.queenalice.com/game.php?id=1489612"]
[Date "2017.8.10"]
[Round "1"]
[White "APSHOOTER"]
[Black "spkveidt"]
[Result "0-1"]
[WhiteElo "1620"]
[BlackElo "1736"]

1. e4 c5 2. Bc4 Nc6 3. a3 e6 4. Nf3 d5 5. Bb5 a6 6. exd5 exd5 7. Qe2+ Be7 8.
Bxc6+ bxc6 9. d4 cxd4 10. Nxd4 c5 11. Nc6 Qd6 12. Nxe7 Nxe7 13. Bg5 O-O 14. Bxe7
Qg6 15. Bxf8 Kxf8 16. O-O Bf5 17. Nc3 Bxc2 18. Nxd5 Re8 19. Qc4 Be4 20. Nf4 Qf6
21. Qxc5+ Kg8 22. g3 Qxb2 23. Rfe1 g6 24. f3 Re5 25. Qc8+ Kg7 26. fxe4 Qb6+ 27.
Kg2 Rc5 28. Qe8 Rc2+ 29. Kh3 h5 30. Qe5+ Kh6 31. Kh4 Qd8+ 32. Kh3 g5 33. Rad1
g4# 0-1

[Event "AUTO-ADV-3879"]
[Site "http://www.queenalice.com/game.php?id=1489613"]
[Date "2017.8.10"]
[Round "1"]
[White "spkveidt"]
[Black "APSHOOTER"]
[Result "0-1"]
[WhiteElo "1745"]
[BlackElo "1563"]

1. e4 e5 2. Nf3 d6 3. Bc4 h6 4. O-O Bg4 5. h3 Bh5 6. c3 Nf6 7. Re1 Nc6 8. d4 a6
9. d5 Bxf3 10. Qxf3 Na5 11. Bd3 b5 12. b4 Nc4 13. Bxc4 bxc4 14. Na3 c5 15. dxc6
Qb6 16. Nxc4 Qxc6 17. Na5 Qd7 18. Nc4 Be7 19. Nb6 Qb7 20. Nxa8 Qxa8 21. c4 O-O
22. Rd1 Nxe4 23. Rd5 Nf6 24. Rd3 Qxf3 25. Rxf3 d5 26. c5 Ne8 27. Bb2 d4 28. a4
Nc7 29. Re1 f6 30. Re4 Rd8 31. h4 Nd5 32. Ba3 Nc3 33. Re1 Nxa4 34. Ra1 Nc3 35.
Bb2 Ne2+ 36. Kf1 Nf4 37. Rxa6 Rb8 38. Rb3 Nd5 39. Ba3 g5 40. hxg5 hxg5 41. Re6
Rb5 42. c6 Kf7 43. c7 Nxc7 44. Rc6 Nd5 45. Rh3 Bxb4 46. Ra6 Rc5 47. Ra7+ Ke6 48.
g4 Bxa3 49. Ra6+ Kd7 50. Raxa3 Rc1+ 51. Ke2 Nf4+ 52. Kd2 Nxh3 53. Kxc1 Nxf2 54.
Rf3 Nxg4 55. Kd2 Ke6 56. Kd3 Nh6 57. Rh3 Nf5 58. Ke4 g4 59. Rh5 Ng3+ 0-1

[Event "AUTO-ADV-3882"]
[Site "http://www.queenalice.com/game.php?id=1490469"]
[Date "2017.8.16"]
[Round "1"]
[White "siarango"]
[Black "spkveidt"]
[Result "1-0"]
[WhiteElo "1725"]
[BlackElo "1684"]

1. e4 c5 2. d4 e6 3. d5 Be7 4. Bc4 e5 5. Nf3 d6 6. O-O Nf6 7. Re1 O-O 8. Nc3 a6
9. h3 b5 10. Bf1 Bd7 11. a3 h6 12. b4 c4 13. Be3 a5 14. Qb1 axb4 15. axb4 Rxa1
16. Qxa1 Qc8 17. Qa7 Na6 18. Na2 Nxe4 19. Bxh6 Nf6 20. Bg5 Nc7 21. Nc3 Re8 22.
Ra1 Bf5 23. Ra2 Nh7 24. Bxe7 Rxe7 25. Qb6 Nf6 26. Qxd6 Re8 27. Ra7 Rd8 28. Qxc7
1-0

[Event "AUTO-ADV-3882"]
[Site "http://www.queenalice.com/game.php?id=1490481"]
[Date "2017.8.16"]
[Round "1"]
[White "pacou93"]
[Black "spkveidt"]
[Result "1-0"]
[WhiteElo "1931"]
[BlackElo "1707"]

1. e4 c5 2. Nf3 Nc6 3. d4 d6 4. Bb5 e6 5. Bxc6+ bxc6 6. dxc5 Qa5+ 7. Bd2 Qxc5 8.
O-O e5 9. h3 Be7 10. Be3 Qb5 11. b3 h6 12. Nc3 Qa5 13. Bd2 Nf6 14. Re1 O-O 15.
Nd5 Qa3 16. Nxe7+ Kh8 17. Nxc6 Bb7 18. Bb4 Qa6 19. Ne7 Qb6 20. Qxd6 Qb5 21. Bc3
Nxe4 22. Qb4 Nxc3 23. Qxc3 e4 24. Nd4 Qe5 25. Nef5 Rac8 26. Qg3 Qf6 27. Qe3 Rfe8
28. c3 g6 29. Qxh6+ Kg8 30. Ng3 Rxc3 31. Nb5 Rc5 32. Na3 a5 33. Rad1 Qb2 34. Nc4
Qxa2 35. Nd6 Re7 36. Ngxe4 Rh5 37. Nf6# 1-0

[Event "AUTO-ADV-3882"]
[Site "http://www.queenalice.com/game.php?id=1490482"]
[Date "2017.8.16"]
[Round "1"]
[White "spkveidt"]
[Black "pacou93"]
[Result "0-1"]
[WhiteElo "1634"]
[BlackElo "1911"]

1. e4 e5 2. Nf3 Nc6 3. Bc4 Nf6 4. Nc3 Bc5 5. d3 d6 6. O-O Bg4 7. h3 Bh5 8. Nd5
O-O 9. Bg5 h6 10. Nxf6+ gxf6 11. Bxh6 Re8 12. c3 Kh7 13. Qd2 Bxf3 14. g3 Bh5 15.
d4 exd4 16. b4 dxc3 17. Qxc3 Bd4 18. Qd2 Bxa1 19. Rxa1 Ne5 20. Bd5 Nf3+ 21. Kg2
Nxd2 22. Bxd2 c6 23. Bc4 Rxe4 24. Bd3 f5 25. Bxe4 fxe4 26. g4 Bg6 27. h4 Qf6 28.
Rh1 Qf3+ 29. Kg1 Qd1+ 30. Kg2 Qxd2 31. a3 e3 32. h5 Qxf2+ 33. Kh3 Rg8 0-1

[Event "AUTO-ADV-3882"]
[Site "http://www.queenalice.com/game.php?id=1490489"]
[Date "2017.8.16"]
[Round "1"]
[White "spkveidt"]
[Black "patreszer"]
[Result "0-1"]
[WhiteElo "1625"]
[BlackElo "1956"]

1. e4 e6 2. Nf3 d5 3. exd5 exd5 4. d4 Bd6 5. Bd3 Ne7 6. O-O Nbc6 7. b3 Bg4 8. h3
Bh5 9. c4 Nxd4 10. Nxd4 Qd7 11. Qxh5 O-O-O 12. Qxf7 Rdf8 0-1

[Event "AUTO-ADV-3882"]
[Site "http://www.queenalice.com/game.php?id=1490490"]
[Date "2017.8.16"]
[Round "1"]
[White "patreszer"]
[Black "spkveidt"]
[Result "1-0"]
[WhiteElo "1959"]
[BlackElo "1622"]

1. c4 e5 2. e4 Bc5 3. Nf3 Nc6 4. Be2 Nf6 5. Nc3 O-O 6. d3 d6 7. Bg5 h6 8. Bh4
Bg4 9. O-O a6 10. h3 Bh5 11. a3 b5 12. cxb5 1-0

[Event "AUTO-ADV-3893"]
[Site "http://www.queenalice.com/game.php?id=1493042"]
[Date "2017.9.5"]
[Round "1"]
[White "JoseMessias"]
[Black "spkveidt"]
[Result "1-0"]
[WhiteElo "1753"]
[BlackElo "1722"]

1. e4 c5 2. Nf3 Nc6 3. Bc4 e5 4. d3 h6 5. Nc3 Be7 6. Nd5 a6 7. Nxe7 Qxe7 8. h4
Nf6 9. h5 O-O 10. Rh4 b5 11. Bd5 Nxd5 12. exd5 Nd4 13. Re4 d6 14. c3 Bf5 15. Rh4
Nxf3+ 16. Qxf3 Qxh4 17. Qxf5 Qh1+ 18. Ke2 Qxg2 19. Be3 Qxd5 20. Qg4 e4 21. Bxh6
exd3+ 22. Kd2 Qe5 23. Rg1 g6 24. Bxf8 Kxf8 25. h6 f5 26. Qf3 c4 27. Qxa8+ Kf7
28. Qa7+ Kf6 29. Qg7+ Ke6 30. Qxe5+ dxe5 31. h7 1-0

[Event "AUTO-ADV-3893"]
[Site "http://www.queenalice.com/game.php?id=1493043"]
[Date "2017.9.5"]
[Round "1"]
[White "spkveidt"]
[Black "JoseMessias"]
[Result "0-1"]
[WhiteElo "1700"]
[BlackElo "1709"]

1. e4 e5 2. Nf3 Nf6 3. Nc3 Bb4 4. d3 Bxc3+ 5. bxc3 O-O 6. Be2 d6 7. h3 Nh5 8.
O-O Qf6 9. d4 Qg6 10. Nh4 Qxe4 11. Bxh5 Qxh4 12. Re1 f5 13. Bf3 e4 14. Be2 f4
15. Bc4+ Kh8 16. Rxe4 h6 17. Qf3 Qg5 18. Bxf4 Qf5 19. Rae1 d5 20. Re8 dxc4 21.
Qg3 Bd7 22. R8e7 Rg8 23. R1e5 Qf6 24. Bc1 Nc6 25. Rxd7 Nxe5 26. dxe5 Qf5 27.
Rxc7 Qxc2 28. Be3 Qxa2 29. Rxc4 Qxc4 30. Bd4 a5 31. e6 Qxe6 32. Qc7 a4 33. Qxb7
Rab8 34. Qa7 Rb1+ 35. Kh2 Qd6+ 36. g3 a3 37. Bc5 Qd1 38. Kg2 Qd5+ 39. f3 Qd2+
40. Bf2 a2 0-1

[Event "AUTO-ADV-3893"]
[Site "http://www.queenalice.com/game.php?id=1493058"]
[Date "2017.9.5"]
[Round "1"]
[White "Nias"]
[Black "spkveidt"]
[Result "1-0"]
[WhiteElo "1792"]
[BlackElo "1598"]

1. e4 c5 2. Bc4 Nc6 3. c3 a6 4. Qf3 e6 5. Qe2 Be7 6. d3 Nf6 7. h3 h6 8. a3 b5 9.
Ba2 O-O 10. g4 d5 11. e5 Nd7 12. f4 Bh4+ 13. Kd1 Ne7 14. Be3 1-0

[Event "AUTO-ADV-3893"]
[Site "http://www.queenalice.com/game.php?id=1493059"]
[Date "2017.9.5"]
[Round "1"]
[White "spkveidt"]
[Black "Nias"]
[Result "0-1"]
[WhiteElo "1619"]
[BlackElo "1775"]

1. e4 e5 2. Nf3 Qf6 3. Bc4 Bc5 4. O-O g5 5. h3 d6 6. Nc3 c6 7. a3 a6 8. b4 Ba7
9. d3 h6 10. a4 g4 11. hxg4 Bxg4 12. Qe2 h5 13. Be3 Bxf3 14. gxf3 Bxe3 15. Qxe3
Nd7 16. Ne2 Qg6+ 0-1

[Event "AUTO-ADV-3893"]
[Site "http://www.queenalice.com/game.php?id=1493068"]
[Date "2017.9.5"]
[Round "1"]
[White "Gera"]
[Black "spkveidt"]
[Result "1-0"]
[WhiteElo "2021"]
[BlackElo "1654"]

1. d4 d5 2. c4 c6 3. e3 Bf5 4. Nc3 Nf6 5. Nf3 e6 6. Qb3 b6 7. Ne5 Qc7 8. Bd2 Bd6
9. f4 O-O 10. Rc1 a6 11. cxd5 exd5 12. Be2 b5 13. O-O a5 14. Nxb5 Qe7 15. Nxc6
Nxc6 16. Rxc6 a4 17. Qd1 Rfb8 18. Nxd6 Bd7 19. Rc5 Qxd6 20. a3 Rxb2 21. Bb4 Rb3
22. Rc8+ Rxc8 23. Bxd6 1-0

[Event "AUTO-ADV-3893"]
[Site "http://www.queenalice.com/game.php?id=1493069"]
[Date "2017.9.5"]
[Round "1"]
[White "spkveidt"]
[Black "Gera"]
[Result "0-1"]
[WhiteElo "1652"]
[BlackElo "2023"]

1. e4 c5 2. Nf3 e6 3. Bc4 a6 4. O-O Nc6 5. c3 Nf6 6. Re1 Nxe4 7. Rxe4 d5 8. Rf4
dxc4 9. Rxc4 b5 10. Re4 Bb7 11. d4 Nxd4 12. Rxd4 cxd4 13. cxd4 Bd6 14. Qd3 Qc7
15. Bd2 Bxf3 16. Qxf3 O-O 17. Qh3 Qc2 18. Bc3 Qd1+ 0-1

[Event "AUTO-ADV-3896"]
[Site "http://www.queenalice.com/game.php?id=1493791"]
[Date "2017.9.10"]
[Round "1"]
[White "Santista38"]
[Black "spkveidt"]
[Result "1-0"]
[WhiteElo "1848"]
[BlackElo "1642"]

1. d4 d5 2. Bf4 Nc6 3. e3 Bf5 4. Bb5 a6 5. Bxc6+ bxc6 6. Nc3 e6 7. Nf3 Bb4 8.
O-O Nf6 9. Bg5 O-O 10. Bxf6 Qxf6 11. Ne5 c5 12. Nd7 Qg6 13. Nxf8 Kxf8 14. Rc1
cxd4 15. exd4 a5 16. Nb5 Bh3 17. Qf3 1-0

[Event "AUTO-ADV-3896"]
[Site "http://www.queenalice.com/game.php?id=1493792"]
[Date "2017.9.10"]
[Round "1"]
[White "spkveidt"]
[Black "Santista38"]
[Result "0-1"]
[WhiteElo "1650"]
[BlackElo "1840"]

1. e4 e5 2. Nf3 d6 3. Bc4 Bg4 4. h3 Bxf3 5. Qxf3 Qe7 6. O-O Nf6 7. c3 Nc6 8. b4
Qd7 9. d3 Be7 10. Be3 O-O 11. d4 exd4 12. Bxd4 Nxd4 13. cxd4 Qc6 14. Nd2 a6 15.
a4 b5 16. axb5 axb5 17. d5 Qb7 18. Be2 Rxa1 0-1

[Event "AUTO-ADV-3896"]
[Site "http://www.queenalice.com/game.php?id=1493808"]
[Date "2017.9.10"]
[Round "1"]
[White "spkveidt"]
[Black "sia"]
[Result "0-1"]
[WhiteElo "1627"]
[BlackElo "2041"]

1. e4 e5 2. Nf3 d6 3. Bc4 Bg4 4. h3 Bh5 5. c3 Qf6 6. Be2 Be7 7. d4 h6 8. O-O Nd7
9. b4 Qg6 10. Bd3 Ngf6 0-1

[Event "AUTO-ADV-3896"]
[Site "http://www.queenalice.com/game.php?id=1493819"]
[Date "2017.9.10"]
[Round "1"]
[White "spkveidt"]
[Black "MarcosT"]
[Result "0-1"]
[WhiteElo "1668"]
[BlackElo "1887"]

1. e4 d6 2. Nf3 Bg4 3. h3 Bh5 4. Bc4 h6 5. O-O e5 6. c3 Nf6 7. Re1 Be7 8. d4
Nbd7 9. b3 O-O 10. Qd3 c6 11. b4 Bxf3 12. Qxf3 b5 13. Bb3 Re8 0-1

[Event "AUTO-ADV-3896"]
[Site "http://www.queenalice.com/game.php?id=1493820"]
[Date "2017.9.10"]
[Round "1"]
[White "MarcosT"]
[Black "spkveidt"]
[Result "1-0"]
[WhiteElo "1894"]
[BlackElo "1661"]

1. e4 c5 2. Bc4 Nc6 3. Nf3 Nf6 4. Nc3 e6 5. a3 Be7 6. O-O O-O 7. d3 h6 8. Re1 a6
9. a4 Na5 10. Ba2 Re8 11. Bd2 Rb8 12. e5 Nh7 13. b3 b6 14. Ne4 1-0